New Public Management - praktické skúsenosti územnej samosprávy
Čo znamená New Public Management pre územnú samosprávu. Naviazane na ekonomické princípy riadenia - zmena kritérií rozhodovania. Zavádzanie NPM v Nemecku. Majetková účasť komún v privatizovaných podnikoch. Úlohy komunálnej samosprávy sa neposkytujú len správnym telesom komúny, ale oveľa viac podnikm...
Enregistré dans:
| Auteur principal: | |
|---|---|
| Format: | Chapitre de livre |
| Langue: | slovaque |
| Sujets: | |
| Tags: |
Pas de tags, Soyez le premier à ajouter un tag!
|
MARC
| LEADER | 00000naa$a2200000$$$4500 | ||
|---|---|---|---|
| 001 | 0081224 | ||
| 005 | 20240502071920.2 | ||
| 041 | 0 | |a slo | |
| 044 | |a SK | ||
| 245 | 1 | 0 | |a New Public Management - praktické skúsenosti územnej samosprávy |c Tomáš Černěnko |
| 520 | |a Čo znamená New Public Management pre územnú samosprávu. Naviazane na ekonomické princípy riadenia - zmena kritérií rozhodovania. Zavádzanie NPM v Nemecku. Majetková účasť komún v privatizovaných podnikoch. Úlohy komunálnej samosprávy sa neposkytujú len správnym telesom komúny, ale oveľa viac podnikmi, ktoré komúna vytvorila. | ||
| 610 | 2 | 0 | |a samospráva miestna |
| 610 | 2 | 0 | |a správa verejná |
| 610 | 2 | 0 | |a manažment |
| 610 | 2 | 0 | |a riadenie hospodárske |
| 610 | 2 | 0 | |a privatizácia |
| 610 | 2 | 0 | |a firmy |
| 100 | 1 | |a Černěnko, Tomáš, 1981- | |